Autoestima : Clave del ‚xito personal / Mauro Rodríguez Estrada, Georgina Pellicer de Flores, Magdalena Domínguez Eyssautier (Registro nro. 26281)
[ vista simple ]
| 000 -LÍDER | |
|---|---|
| fixed length control field | 00640nam a2200169 4500 |
| 020 ## - NÚMERO INTERNACIONAL NORMALIZADO PARA LIBROS | |
| ISBN | 968-426-849-1 |
| 050 ## - SIGNATURA TOPOGRAFICA DE LA BIBLIOTECA DEL CONGRESO (LC) | |
| Número de Clasificación | BF47 R62 1988 |
| 082 ## - NUMERO DE CLASIFICACION DECIMAL DEWEY | |
| Número de Clasificación | 658.409.4 R635a |
| 100 ## - ASIENTO PRINCIPAL--NOMBRE PERSONAL | |
| Nombre personal | Rodríguez Estrada, Mauro |
| 245 ## - TÍTULO | |
| Título | Autoestima : Clave del ‚xito personal / Mauro Rodríguez Estrada, Georgina Pellicer de Flores, Magdalena Domínguez Eyssautier |
| 250 ## - MENCIÓN DE EDICIÓN | |
| Mención de edición | 2 |
| 260 ## - PUBLICACIÓN, DISTRIBUCIÓN, ETC. (PIE DE IMPRENTA) | |
| Lugar de publicación, distribución, etc. | México : El manual moderno |
| 300 ## - DESCRIPCIÓN FÍSICA | |
| Extensión | 86 p. / 24 cm |
| 440 ## - | |
| -- | Serie de Capacitación Integral, no. 4 |
| 650 ## - ASIENTO SECUNDARIO DE MATERIA - TERMINO TEMÁTICO | |
| Término temático o nombre geográfico como elemento de entrada | 1. AUTOESTIMA 2. EJECUTIVOS 3. EXITO |
| 700 ## - ASIENTO SECUNDARIO - NOMBRE PERSONAL | |
| Nombre personal | I. Pellicer de Flores, Georgina. coaut. II. Domínguez Eyssautier, Magdalena. coaut. |
| No. biblioteca | No. biblioteca | Número de clasificación | Código de barras/Número de adquisición | Número de copia | Tipo de material |
|---|---|---|---|---|---|
| AREA DE ADMINISTRACIÓN | AREA DE ADMINISTRACIÓN | 658.409.4 R635a | 50673 | 1 | Libros |
| AREA DE ADMINISTRACIÓN | AREA DE ADMINISTRACIÓN | 658.409.4 R635a | 50884 | 3 | Libros |
| AREA DE ADMINISTRACIÓN | AREA DE ADMINISTRACIÓN | 658.409.4 R635a | 50885 | 4 | Libros |
| AREA DE ADMINISTRACIÓN | AREA DE ADMINISTRACIÓN | 658.409.4 R635a | 50886 | 5 | Libros |
| AREA DE ADMINISTRACIÓN | AREA DE ADMINISTRACIÓN | 658.409.4 R635a | 50887 | 6 | Libros |
| AREA DE ADMINISTRACIÓN | AREA DE ADMINISTRACIÓN | 658.409.4 R635a | 50888 | 7 | Libros |
| AREA DE ADMINISTRACIÓN | LUIS G. INCLAN | 658.409.4 R635a | 50883 | 2 | Libros |
